000 003100000a22001450004500
003 MACL
040 _aMACL
090 _c42750
_d42748
100 _aDas, Ajay
245 _aFaiths Fairs and Festivals of India
260 _bBetter Books
_c2009
350 _a495
650 _aReligion
942 _cBOOK
_k294/DAS
999 _c42299
_d42299